| 000 | 00438 a2200169 4500 | ||
|---|---|---|---|
| 003 | OSt | ||
| 005 | 20180116182831.0 | ||
| 008 | 160425b xxu||||| |||| 00| 0 eng d | ||
| 040 | _c0 | ||
| 100 | _aGovt of Pakistan. | ||
| 110 | _aGovernment of Pakistan | ||
| 245 | _aPakistan Economic Survey 2003-04 | ||
| 260 |
_aIslamabad _bFinance Division _c2004 |
||
| 300 | _a132p. | ||
| 500 | _aPapercover | ||
| 942 |
_aNBS _cBK _k330.95491 GOV _2ddc |
||
| 999 |
_c346859 _d346859 |
||